Top 100 Best Movies Based on a True Story - Statistics

General Stats
  • This quiz has been taken 56 times
  • The average score is 16 of 100
Answer Stats
Top Movie Director % Correct
1 Schindler's List Steven Spielberg
70%
11 Titanic James Cameron
70%
23 Braveheart Mel Gibson
62%
5 Goodfellas Martin Scorsese
55%
4 The Wolf of Wall Street Martin Scorsese
53%
64 Saving Private Ryan Steven Spielberg
51%
53 Milk Gus Van Sant
49%
35 Apollo 13 Ron Howard
45%
6 The Pianist Roman Polanski
43%
21 Argo Ben Affleck
40%
36 Raging Bull Martin Scorsese
40%
50 JFK Oliver Stone
38%
2 Catch Me if You Can Steven Spielberg
36%
34 A Beautiful Mind Ron Howard
32%
14 Casino Martin Scorsese
32%
33 Lawrence of Arabia David Lean
32%
9 The King's Speech Tom Hooper
32%
41 Amadeus Miloš Forman
30%
99 Bohemian Rhapsody Bryan Singer
30%
44 Ray Taylor Hackford
26%
18 Elephant Gus Van Sant
23%
81 Fargo Ethan Coen/Joel Coen
23%
29 The Aviator Martin Scorsese
23%
19 12 Years a Slave Steve McQueen
21%
89 Gandhi Richard Attenborough
21%
3 Into The Wild Sean Penn
21%
10 The Elephant Man David Lynch
21%
8 The Social Network David Fincher
21%
25 American Sniper Clint Eastwood
19%
61 Green Book Peter Farrelly
19%
56 The Revenant Alejandro González Iñárritu
19%
49 Walk the Line James Mangold
19%
12 Zodiac David Fincher
19%
95 Malcolm X Spike Lee
17%
57 Erin Brockovich Steven Soderbergh
15%
40 Hacksaw Ridge Mel Gibson
15%
46 Invictus Clint Eastwood
15%
17 Memories of Murder Bong Joon-Ho
15%
45 Spotlight Tom McCarthy
15%
60 The Straight Story David Lynch
15%
42 The Terminal Steven Spielberg
15%
27 127 Hours Danny Boyle
13%
58 Captain Phillips Paul Greengrass
13%
39 Ed Wood Tim Burton
13%
55 The Theory of Everything James Marsh
13%
80 All the President's Men Alan J. Pakula
11%
69 Bonnie and Clyde Arthur Penn
11%
62 City of God Fernando Meirelles/Katia Lund
11%
26 Dog Day Afternoon Sidney Lumet
11%
28 Donnie Brasco Mike Newell
11%
71 Hidden Figures Theodore Melfi
11%
90 Hotel Rwanda Terry George
11%
16 Intouchables Olivier Nakache/Eric Toldano
11%
43 Man on the Moon Miloš Forman
11%
15 Midnight Express Alan Parker
11%
59 The Butler Lee Daniels
11%
13 The Imitation Game Morten Tyldum
11%
63 Blow Ted Demme
9%
37 Changeling Clint Eastwood
9%
52 Mesrine - 1ère Partie : L'Instinct de mort Jean-Francois Richet
9%
75 Mesrine - 2ème Partie : L'Ennemi public n°1 Jean-Francois Richet
9%
67 Moneyball Bennett Miller
9%
88 Saving Mr. Banks John Lee Hancock
9%
96 Serpico Sidney Lumet
9%
54 The Impossible J. A. Bayona
9%
31 8 Mile Curtis Hanson
6%
51 American Gangster Ridley Scott
6%
94 Awakenings Penny Marshall
6%
100 Boys Don't Cry Kimberly Peirce
6%
7 Dallas Buyers Club Jean-Marc Vallée
6%
76 Escape from Alcatraz Don Siegel
6%
82 Le Trou Jacques Becker
6%
72 Lion Garth Davis
6%
24 Rush Ron Howard
6%
93 The Conjuring James Wan
6%
98 The Hurricane Norman Jewison
6%
77 Unbroken Angelina Jolie
6%
48 Bronson Nicolas Winding Refn
4%
91 Hunger Steve McQueen
4%
22 In the Name of the Father Jim Sheridan
4%
70 Persepolis Marjane Satrapi
4%
30 Pride Matthew Warchus
4%
66 The Fighter David O.Russell
4%
78 The Insider Michael Mann
4%
65 The Pursuit of Happyness Gabriele Muccino
4%
32 The Untouchables Brian De Palma
4%
86 Wild Jean-Marc Vallée
4%
87 Bloody Sunday Paul Greengrass
2%
92 Des hommes et des dieux Xavier Beauvois
2%
20 Die Welle Dennis Gansel
2%
73 Freedom Writers Richard LaGravenese
2%
83 Joyeux Noël Christian Carion
2%
85 Lone Survivor Peter Berg
2%
74 Pain & Gain Michael Bay
2%
38 Papillon Franklin J.Schaffner
2%
47 Hachiko: A Dog's story Lasse Hallström
0%
68 I Love You Phillip Morris Glenn Ficarra/John Requa
0%
79 La French Cédric Jimenez
0%
84 La Rafle Rose Bosch
0%
97 L'Ordre et la Morale Mathieu Kassovitz
0%
No matching quizzes found
Score Distribution
Percent of People with Each Score
Percentile by Number Answered
Your Score History
You have not taken this quiz